Statistics for Colors by Letter

Click here to take the quiz!

General Stats

  • This quiz has been taken 89,274 times
    (89,247 since last reset)
  • The average score is 23 of 43

Answer Stats

Letter Answer % Correct
BBlue
98%
BBlack
97%
YYellow
97%
RRed
95%
BBrown
95%
GGreen
95%
WWhite
94%
PPurple
92%
OOrange
92%
GGray
89%
PPink
88%
VViolet
84%
IIndigo
71%
BBeige
66%
TTurquoise
64%
GGold
64%
TTeal
63%
MMaroon
61%
FFuchsia
60%
MMagenta
58%
SSilver
56%
NNavy Blue
54%
TTan
53%
OOlive
52%
CCyan
50%
LLavender
47%
MMauve
38%
SSalmon
37%
CCrimson
29%
SScarlet
28%
PPeriwinkle
25%
TTaupe
22%
EEggplant
22%
AAuburn
22%
OOchre
21%
SSienna
20%
CCerulean
18%
CChartreuse
17%
UUltramarine
13%
CCerise
13%
PPuce
12%
RRusset
9%
SSepia
7%

Score Distribution

Percentile by Number Answered

Percent of People with Each Score

Your Score History

You have not taken this quiz since the last reset